Исследование колебательных явлений, возникающих в процессе воздействия на материалы вращающимся диском: автореферат диссертации на соискание ученой степени кандидата технических наук: 01.02.06

Podrobná bibliografie
Hlavní autor: Локтева Н. А. Наталья Александровна
Korporativní autor: Сибирский государственный индустриальный университет
Další autoři: Дворников Л. Т. (научный руководитель)
Jazyk:ruština
Vydáno: Томск, [Б. и.], 2002
Témata:
Médium: Kniha
KOHA link:https://koha.lib.tpu.ru/cgi-bin/koha/opac-detail.pl?biblionumber=40174

MARC

LEADER 00000nam0a2200000 4500
001 40174
005 20231031012335.0
035 |a (RuTPU)RU\TPU\book\41197 
090 |a 40174 
100 |a 20020429d2002 k y0rusy50 ca 
101 0 |a rus 
102 |a RU 
105 |a a dm 001zy 
200 1 |a Исследование колебательных явлений, возникающих в процессе воздействия на материалы вращающимся диском  |e автореферат диссертации на соискание ученой степени кандидата технических наук: 01.02.06  |f Н. А. Локтева  |g Сибирский государственный индустриальный университет; Научн. рук.: Л. Т. Дворников 
210 |a Томск  |c [Б. и.]  |d 2002 
215 |a 25 с.  |c ил. 
229 |a Защита состоится 17 апреля 2002 года в ТПУ 
320 |a Библиогр.: с. 24-25 
452 1 |0 (RuTPU)RU\TPU\book\45613  |t Исследование колебательных явлений, возникающих в процессе воздействия на материалы вращающимся диском  |o Автореферат диссертации на соискание ученой степени кандидата технических наук:  |f Н. А. Локтева  |g Сибирский государственный индустриальный университет; Науч. рук.: Л. Т. Дворников  |c Томск  |n Б.и.  |d 2002  |a Локтева, Наталья Александровна 
610 1 |a машиностроение 
610 1 |a машины 
610 1 |a механизмы 
610 1 |a вращающий диск 
610 1 |a воздействия 
610 1 |a колебательные процессы 
610 1 |a поверхности 
610 1 |a трение 
610 1 |a трибосистемы 
610 1 |a самоорганизация 
610 1 |a волновые процессы 
610 1 |a циркуляционное трение 
610 1 |a математические методы 
610 1 |a авторефераты диссертаций 
675 |a 621.891(04)  |v 3 
686 |a 01.02.06  |2 oksvnk 
700 1 |a Локтева  |b Н. А.  |g Наталья Александровна 
702 1 |a Дворников  |b Л. Т.  |4 727 
712 0 2 |a Сибирский государственный индустриальный университет  |2 stltpush  |3 (RuTPU)RU\TPU\col\74 
801 1 |a RU  |b 63413507  |c 20020429  |g PSBO 
801 2 |a RU  |b 63413507  |c 20040505  |g PSBO 
942 |c BK